Athens 2004 (Record no. 120348)

MARC details
000 -LEADER
fixed length control field 00622cam a2200193 4500
001 - CONTROL NUMBER
control field WS124022
008 - FIXED-LENGTH DATA ELEMENTS--GENERAL INFORMATION
fixed length control field 031024n 000 0 eng u
035 ## - SYSTEM CONTROL NUMBER
System control number (Sirsi) u124022
245 ## - TITLE STATEMENT
Title Athens 2004
520 ## - SUMMARY, ETC.
Summary, etc. Web site for the 2004 Olympic Games in Athens including pages on the Paralympic Games, visitor information and details of events.
650 ## - SUBJECT ADDED ENTRY--TOPICAL TERM
Topical term or geographic name entry element OLYMPIC GAMES
650 ## - SUBJECT ADDED ENTRY--TOPICAL TERM
Topical term or geographic name entry element PARALYMPIC GAMES
650 ## - SUBJECT ADDED ENTRY--TOPICAL TERM
Topical term or geographic name entry element SPORT
650 ## - SUBJECT ADDED ENTRY--TOPICAL TERM
Topical term or geographic name entry element ATHENS
650 ## - SUBJECT ADDED ENTRY--TOPICAL TERM
Topical term or geographic name entry element GREECE
690 ## - LOCAL SUBJECT ADDED ENTRY--TOPICAL TERM (OCLC, RLIN)
Topical term or geographic name as entry element LEISURE AND RECREATION
856 40 - ELECTRONIC LOCATION AND ACCESS
Uniform Resource Identifier <a href="https://www.athens2004.com">https://www.athens2004.com</a>
Public note View the website free of charge at www.athens2004.com...
942 ## - ADDED ENTRY ELEMENTS (KOHA)
Suppress in OPAC 0
Holdings
Withdrawn status Lost status Source of classification or shelving scheme Damaged status Not for loan Home library Current library Shelving location Date acquired Total Checkouts Full call number Barcode Date last seen Copy number Price effective from Koha item type
    Dewey Decimal Classification     Virtual Virtual Online 24/10/2003   WEB SITE 124022-1001 06/08/2019 1 06/08/2019 Online material